01409nam a2200337 a 4500001001200000003000800012006001900020007001500039008004100054020001800095020001800113020002700131040002100158035002100179050002500200100001800225245017600243260004300419300002400462504005100486505011400537533015200651650001500803650003000818650001400848655002900862700002000891710001700911856012600928999001701054ebr10682374CaPaEBRm u cr cn|||||||||130411s2013 gw a sb 001 0 eng d z9783527411610 z9781118400883 z9781118514924 (e-book) aCaPaEBRcCaPaEBR a(OCoLC)84116866514aTA455.C3bM35 2013eb1 aMalic, Ermin.10aGraphene and carbon nanotubesh[electronic resource] :bultrafast relaxation dynamics and optics /cErmin Malic and Andreas Knorr ; with a contribution by Stephan Winnerl. aWeinheim, Germany :bWiley-VCH,c2013. axiv, 329 p. :bill. aIncludes bibliographical references and index.0 apt. 1. Electronic properties : carrier relaxation dynamics -- pt. 2. Optical properties : absorption spectra. aElectronic reproduction.bPalo Alto, Calif. :cebrary,d2013.nAvailable via World Wide Web.nAccess may be limited to ebrary affiliated libraries. 0aNanotubes. 0aNanostructured materials. 0aGraphene. 7aElectronic books.2local1 aKnorr, Andreas.2 aebrary, Inc.40uhttp://site.ebrary.com/lib/rucke/Doc?id=10682374zAn electronic book accessible through the World Wide Web; click to view c13789d13789